000 00850nam a22002537a 4500
005 20250618133124.0
008 250618t ||||| |||| 00| 0 spa d
020 _a9786387543195
040 _aCO-BoUCM
_cDavid Moreno
_dDavid Moreno
041 _aspa
100 1 _aVélez, Ana Cristina
_9185972
245 1 0 _aCasi de piedra
_cAna Cristina Vélez Caicedo
250 _a1a.Ed
260 _aMedellín, Colombia
_bSílaba Editores
_c2022
300 _a342 Páginas
490 1 0 _aColección Trazos y sílabas
650 1 4 _aNovela amorosa
_xRelaciones de pareja
_xEstilo de vida
_9185973
650 1 4 _aLiteratura
_xSiglo XXI
_zMedellín, Colombia
_9185974
653 _aFicción contemporánea
653 _aRuptura emocional
653 _aNarrativa urbana
942 _2DEWEY
_a18
_cLIBRO
_e1
_h863
_mV436c
_n0
999 _c325511
_d325511